00498 2200181 4500001002100000005001500021035002000036245007100056100001600127250001700143300003200160700001500192260003500207082001100242084001700253020002200270650002400292INLIS00000000000076520241025072423 a0010-10240000581 aEnsiklopedia Fisika :bCahaya dan Optik /cSri Soeyati, Agus Salam0 aSri Soeyati aCetakan ke-1 aiv, 28 hlm :bIlus ;c30 cm0 aAgus Salam aJakarta :bGaneca exact,c2007 a530.03 a530.03 SRI e a978-979-571-393-7 4aEnsiklopedia Fisika